000 00723nam a2200253Ia 4500
003 OSt
005 20220918170842.0
006 a|||||r|||| 00| 0
007 ta
008 220917b |||||||| |||| 00| 0 eng d
020 _a9780745633015 (pbk)
_c993.31
024 _a236,733
037 _b5115, 31/10/2008, Shakti Book House
_cTextual
040 _aARTS
_cARTS
_beng
041 _2eng
_aeng
082 _aV1, P8
100 _aCrossley Pamela Kyle
245 0 _aWhat is global history?
260 _aCambridge
_bPolity UK
_c2008
300 _avi,139p.
_ccm.
650 _aHISTORY
942 _hV1, P8
_cTEXL
_2CC
999 _c136235
_d136235